Textbook of Forensic Medicine and Toxicology/ (Record no. 208391)
[ view plain ]
| 000 -LEADER | |
|---|---|
| fixed length control field | 00677nam a22002057a 4500 |
| 005 - DATE AND TIME OF LATEST TRANSACTION | |
| control field | 20250113100006.0 |
| 010 ## - LCCN (DPL NO) | |
| LC control number | ENG-143317 |
| 020 ## - INTERNATIONAL STANDARD BOOK NUMBER | |
| International Standard Book Number | 9788181912961 |
| Terms of availability | 575.00 |
| 035 ## - SYSTEM CONTROL NUMBER | |
| System control number | EN-126849 |
| 037 ## - SOURCE OF ACQUISITION | |
| Source of stock number/acquisition | Delivery of Book Act Division |
| 082 ## - DEWEY DECIMAL CLASSIFICATION NUMBER | |
| Classification number | 615.9003 |
| 245 ## - TITLE STATEMENT | |
| Title | Textbook of Forensic Medicine and Toxicology/ |
| Statement of responsibility, etc | Edited by V V Pillay |
| 250 ## - EDITION STATEMENT | |
| Edition statement | 15 |
| 260 ## - PUBLICATION, DISTRIBUTION, ETC. (IMPRINT) | |
| Place of publication, distribution, etc | New Delhi |
| Name of publisher, distributor, etc | Paras Medical Publishers; |
| Date of publication, distribution, etc | 2010 |
| 270 ## - ADDRESS | |
| Address | 2/25, Grd Flr, Arun House, Ansari Rd, Darya Ganj, |
| City | New Delhi |
| Postal code | 110002 |
| 300 ## - PHYSICAL DESCRIPTION | |
| Extent | 680p. |
| Dimensions | 24cm.(pb) |
| Other physical details | ill. |
| 650 ## - SUBJECT ADDED ENTRY--TOPICAL TERM | |
| Topical term or geographic name as entry element | Pharmacology |
| 700 ## - ADDED ENTRY--PERSONAL NAME | |
| Personal name | Pillay, V V |
| Relator term | Editor |
| 9 (RLIN) | 76395 |
| 942 ## - ADDED ENTRY ELEMENTS (KOHA) | |
| Source of classification or shelving scheme | Dewey Decimal Classification |
| Item type | English Books |
| Classification part | 615.9003 |
| Call number suffix | TEX |
| Withdrawn status | Lost status | Not for loan | Collection code | Home library | Current library | Date acquired | Source of acquisition | Cost, normal purchase price | Full call number | Barcode | Copy number | Cost, replacement price | Koha item type |
|---|---|---|---|---|---|---|---|---|---|---|---|---|---|
| Non-fiction | Kadipur | Kadipur | 13/01/2025 | Delivery of Books Act Division | 575.00 | 615.9003 TEX | EN-126849 | 1 | 575.00 | English Books |
